Loading...
| Fine Arts - Classical Music | 5 | 10.00 | 60% | 40% | 0% |
| Fine Arts - Other Fine Arts | 9 | 16.67 | 89% | 67% | 11% |
| Fine Arts - Visual Fine Arts | 5 | 18.00 | 100% | 60% | 20% |
| Geography/Current Events | 1 | 30.00 | 100% | 100% | 100% |
| History - American History | 6 | 16.67 | 100% | 50% | 17% |
| History - European History | 5 | 16.00 | 100% | 60% | 0% |
| History - Other History | 6 | 25.00 | 100% | 100% | 50% |
| History - World History | 6 | 26.67 | 100% | 100% | 67% |
| Literature - American Literature | 9 | 27.78 | 167% | 89% | 22% |
| Literature - British Literature | 7 | 17.14 | 86% | 71% | 14% |
| Literature - European Literature | 7 | 18.57 | 100% | 71% | 14% |
| Literature - World/Other Literature | 8 | 17.50 | 100% | 63% | 13% |
| Mythology | 9 | 25.56 | 100% | 89% | 67% |
| Other Academic | 3 | 20.00 | 100% | 100% | 0% |
| Philosophy | 7 | 22.86 | 100% | 86% | 43% |
| Pop Culture | 2 | 20.00 | 100% | 50% | 50% |
| Religion | 7 | 18.57 | 100% | 71% | 14% |
| Science - Biology | 8 | 15.00 | 100% | 50% | 0% |
| Science - Chemistry | 5 | 14.00 | 100% | 20% | 20% |
| Science - Other Science | 9 | 16.67 | 100% | 56% | 11% |
| Science - Physics | 8 | 23.75 | 100% | 100% | 38% |
| Social Science | 3 | 13.33 | 100% | 33% | 0% |